Fortnite Seasons by Map Picture - Statistics

General Stats
  • This quiz has been taken 160 times
    81 since last reset
  • The average score is 20 of 33
Answer Stats
Picture Hint Answer % Correct
Darkness Rises C1S6
73%
X marks the spot C1S8
71%
Superheroes C1S4
70%
Top secret C2S2
70%
C1S1 & pre-season
69%
Out of time C1SX
69%
Splash down C2S3
69%
New world C2S1
67%
Zero Point C2S5
67%
You better watch out C1S7
66%
Space C1S3
65%
Primal C2S6
64%
Vibin' C3S3
64%
Medieval C1S2
62%
The future is yours C1S9
62%
Nexus War C2S4
62%
Invasion C2S7
62%
Worlds Collide C1S5
59%
Resistance C3S2
58%
Myths & Mortals C5S2
58%
Flipped C3S1
56%
Underground C5S1
56%
Cubed C2S8
55%
A New Beginning / Oathbound C4S1
55%
WILDS C4S3
54%
MEGA C4S2
53%
Demon hunters C6S1
53%
Paradise C3S4
52%
Last resort C4S4
52%
Wrecked C5S3
52%
Galactic Battle C6S3
52%
Absolute doom C5S4
51%
Lawless C6S2
49%
Remix C5S5
47%
No matching quizzes found
Score Distribution
Percent of People with Each Score
Percentile by Number Answered
Your Score History
You have not taken this quiz since the last reset